000 00803cam a22001935a 4500
001 L158099
005 20250813151832.0
008 140516s2014 xxk f 000 0 eng d
035 _a(Sirsi) u158099
041 0 _aeng
110 2 _aRoyal Institution of Chartered Surveyors
_94900
245 0 0 _aRICS Futures
_bPreparing for the Future
260 _aLondon
_cRICS
_b2014
520 _aOutlines RICS Strategy for meeting the challenges of changing markets, economics and society by 2030. Sets out 7 pillars that the strategy is based on. Thinking ahead; Leadership and inspiration; Sustainability; New skills and multi-disciplinary; networks; technology; and ethics; values and standards.
590 _aKA
651 4 _aInternational
690 _aBusiness and management
_96226
942 _n0
_2ddc
999 _c115140
_d115140